Abschlusstabelle Bundesliga 1999/00 - Statistiken

Allgemein
  • Dieses Quiz wurde 124 mal gespielt
  • Das Durchschnittsergebnis liegt bei 11 aus 18
Antwortstatistiken
Platz Punkte Mannschaft % Korrekt
1 73 Bayern München
98%
2 73 Leverkusen
84%
3 59 HSV
79%
11 40 Dortmund
78%
13 39 Schalke
78%
9 47 Bremen
71%
6 50 Hertha
71%
5 50 Kaiserslautern
71%
8 48 Stuttgart
69%
14 39 Frankfurt
63%
4 53 1860 München
58%
12 40 Freiburg
54%
18 22 Duisburg
50%
15 38 Rostock
50%
17 30 Bielefeld
46%
10 44 Unterhaching
44%
16 35 Ulm
43%
7 49 Wolfsburg
36%
Keine übereinstimmenden Quizze gefunden
Verteilung der Resultate
Anzahl Personen mit jedem Resultat
Perzentil nach korrekt beantworteten Fragen
Ihre Resultats-Entwicklung
Sie haben dieses Quiz noch nicht gespielt